[Event "EU-ch 8th"]
[Site "Dresden"]
[Date "2007.04.13"]
[Round "10"]
[White "Tkachiev, Vladislav"]
[Black "Iordachescu, Viorel"]
[Result "1-0"]
[WhiteElo "2652"]
[BlackElo "2587"]
[Annotator "Ftacnik,L"]
[PlyCount "71"]
[EventDate "2007.04.03"]
[EventType "swiss"]
[EventRounds "11"]
[EventCountry "GER"]
[SourceTitle "CBM 118"]
[Source "ChessBase"]
[SourceDate "2007.05.31"]
[SourceVersion "1"]
[SourceVersionDate "2007.05.31"]
[SourceQuality "1"]

1. Nf3 Nf6 2. c4 g6 3. g3 Bg7 4. Bg2 d5 5. cxd5 Nxd5 6. d4 Nb6 7. Nc3 Nc6 8. e3
O-O 9. O-O Re8 10. Re1 e5 11. d5 Na5 12. e4 c6 13. b3 cxd5 14. exd5 Bg4 {
White's concept in the opening is risky, but also very unpleasant for the
opponent. Tkachiev is not afraid of the problems along the a1-h8 diagonal as
Black struggles to achieve full coordination of his pieces due to the
mislocated knight on a5.} (14... e4 $5 15. Nxe4 Nxd5 (15... Rxe4 16. Rxe4 Bxa1
17. Bd2 Bf5 18. Re1 Bf6 19. Bxa5 Qxd5 20. Qxd5 Nxd5 21. Nd2 Bc3 22. Bxc3 Nxc3
23. Nc4 Nxa2 24. Nd6 Be6 25. Nxb7 Rc8 {1/2 Gagunashvili,M (2591)-Sutovsky,E 
(2607)/Rishon Le Ziyyon 2006/ (32)}) 16. Bg5 f6 17. Ne5 fxg5 18. Nxg5 Rxe5 19.
Rxe5 Bxe5 20. Bxd5+ {1/2 Adly,A (2503)-Lohou,S (2144)/Port Erin 2005/}) 15. Ba3
$5 (15. Bg5 f6 (15... Qxg5 16. Nxg5 Bxd1 17. Raxd1 Rac8 $13) 16. Bd2 f5 $15)
15... e4 (15... Rc8 16. Ne4 Nxd5 17. h3 (17. Nd6 Nc3) 17... Be6 18. Nd6 e4 $11)
16. Nxe4 Qxd5 (16... Bxa1 $2 17. Qxa1 Nxd5 18. Ne5 Be6 19. Nd6 $18) 17. Qxd5
Nxd5 18. Rac1 {The result of the crossfire in the centre is this symmetrical
position in which White enjoys the advantage of the development of his pieces.
Iordaschescu is still fighting to put his house in order.} Nc6 (18... Rac8 19.
Rxc8 Rxc8 20. Nd6 $16) 19. Nd6 Rxe1+ 20. Rxe1 Ndb4 (20... Bc3 21. Re4 (21. Rd1
Ndb4 22. h3 Be6 23. Nxb7 $14) 21... Bd7 22. Ng5 Bf6 23. Re1 $16) 21. Bxb4 Nxb4
22. Ng5 f6 (22... Nxa2 23. Bxb7 Rb8 24. Bd5 Bf6 25. Ngxf7 Kf8 26. Bc4 Nb4 27.
Ne4 $16) 23. Bxb7 Rb8 24. Ngf7 $2 {For sure, Tkachiev was nearly carried away
by the impressive combination on the 26th move. The trojan horse on f7 is a
part of the massive invasion of White's forces into the heart of the enemy's
position.} (24. Re4 $1 fxg5 25. Rxb4 Rd8 (25... Be6 26. Re4 Bh3 27. Re7 Bf8 28.
Bd5+ Kh8 29. Nf7+ Kg7 30. Rc7 $16) 26. Rxg4 Rxd6 27. Rxg5 Rd2 28. Rd5 Rxa2 29.
Rd7 $16) 24... Nxa2 $1 (24... Rxb7 25. Re8+ Bf8 26. Nh6+ Kg7 27. Nxb7 Bd7 28.
Rd8 Be6 29. h3 $16) 25. Re7 (25. f3 Bh3 26. Bd5 Nb4 27. Bc4 Kf8 $11) 25... Bf8
$2 {The defender was living under the impression, that the worst was over and
the retreat of the light-squared bishop to e6 would solve all his problems.
After the correct move of the king, White's dreams would have had to give way
to reality.} (25... Kf8 $1 26. Re3 (26. Rc7 Be6 27. Ba6 Bxb3 $15) 26... Bd7 27.
Bd5 Nb4 $11) 26. Nh6+ $1 Kh8 (26... Bxh6 27. Bd5+ Kh8 (27... Kf8 28. Rf7+ Kg8
29. Rxa7+ Kf8 30. Rf7+ Kg8 31. Rb7+ $18) 28. Rxa7 $1 Nb4 29. Nf7+ Kg7 30. Ng5+
Kf8 31. Nxh7+ Ke8 32. Nxf6+ Kd8 33. Nxg4 $18) 27. Ndf7+ Kg7 28. Rc7 {The
picture on the board has altered completely; the black forces are constrained
as if in a straitjacket.} Be6 (28... Bd1 29. h4 $1 Nb4 30. Ng5+ $18) 29. Ng5+
Kxh6 30. Nxe6 Bd6 (30... Bb4 31. Rc4 g5 32. Be4 Re8 33. Bf5 a5 34. h4 $16) 31.
Rd7 Nc3 (31... Bf8 32. Ba6 Nc1 33. Bc4 Ba3 34. g4 $16) 32. h4 $1 {[%mdl 2048]
White's pieces are working in perfect harmony so the black king on h6 becomes
the perfect target of an attack.} Ba3 33. g4 Bc1 (33... g5 34. Ba6 $1 Re8 (
34... gxh4 35. Bd3 Rh8 36. Rf7 Nd5 37. Be4 $18) 35. Ng7 Re5 36. Nf5+ Rxf5 37.
Bd3 Ne2+ 38. Kf1 $18) 34. Kf1 (34. Rf7 Ne2+ 35. Kf1 Nf4 36. Nf8 Rxf8 37. Rxf8
$18) 34... Re8 (34... a5 35. Rf7 a4 36. bxa4 Nxa4 37. Bf3 Re8 38. Rxf6 $18) 35.
Nd8 $1 Rf8 36. Ba6 {Iordaschescu resigned since he could not find any way to
avert the decisive check of white knight on the square f7. A very impressive
win by the new champion of Europe!} (36. Ba6 Na2 37. Nf7+ Kg7 38. Ng5+ $18) 1-0

[Event "Biel GM"]
[Site "Biel"]
[Date "2003.07.28"]
[Round "7"]
[White "Kortschnoj, Viktor Lvovich"]
[Black "Smirin, Ilia"]
[Result "0-1"]
[WhiteElo "2628"]
[BlackElo "2656"]
[Annotator "Ftacnik,L"]
[PlyCount "62"]
[EventDate "2003.07.21"]
[EventType "tourn"]
[EventRounds "11"]
[EventCountry "SUI"]
[EventCategory "16"]
[SourceTitle "CBM 097"]
[Source "ChessBase"]
[SourceDate "2003.11.11"]
[SourceVersion "1"]
[SourceVersionDate "2003.11.11"]
[SourceQuality "1"]

1. d4 Nf6 2. c4 g6 3. Nc3 d5 4. cxd5 Nxd5 5. g3 Bg7 6. Bg2 Nb6 7. Nf3 Nc6 8. e3
O-O 9. O-O Re8 10. Re1 e5 11. d5 Na5 12. e4 c6 13. Bg5 f6 14. Be3 cxd5 15. Bxb6
axb6 16. Nxd5 Be6 17. h4 Bxd5 $1 18. exd5 $6 {Kortschnoj is forever optimistic
and it is a bit unfair to criticize him for the ambitious continuation.
Objectively his move leads to problems and worse position.} (18. Qxd5+ Qxd5 19.
exd5 e4 20. Nd4 f5 21. Ne6 Bxb2 22. Rab1 Be5 23. Bf1 Rec8 24. Rxb6 Rc2 $11)
18... e4 19. Nd2 (19. Nh2 f5 20. d6 Bxb2 21. Rb1 Be5 22. Qd5+ Kg7 $17) 19... f5
20. b4 (20. Bf1 Qxd5 21. Nc4 Qe6 22. Qd6 b5 23. Qxe6+ Rxe6 24. Nxa5 Rxa5 $17)
20... Bxa1 21. Qxa1 Qxd5 22. Rd1 (22. Re2 Nc6 $19) 22... Rad8 (22... Nc6 23.
Nxe4 Qxa2 24. Nf6+ Kf7 25. Qxa2+ Rxa2 26. Nxe8 Kxe8 27. b5 $11) 23. bxa5 Qd4 $1
{[%mdl 32] Smirin demonstrates the strength of the pin along the d file, white
is in trouble.} 24. Qc1 (24. Qxd4 Rxd4 25. Kf1 bxa5 26. Ke2 Ra4 27. Ra1 b5 $17)
24... e3 $1 25. fxe3 Rxe3 26. Kh2 (26. Kf1 bxa5 27. Qc7 Rd3 28. Bxb7 Rxd2 29.
Rxd2 Qxd2 $19) 26... Re2 27. axb6 Qd5 (27... Qf2 28. Qc4+ Kf8 29. Rg1 Rexd2 $19
) 28. Ne4 (28. Rg1 Rxd2 29. Qc7 Rxa2 30. Kh1 Qd4 31. Qxb7 Rb2 $19) 28... Qxd1
29. Qc4+ Kh8 30. Qf7 (30. Qb5 Rxg2+ 31. Kxg2 Qd5 $19) 30... Rxg2+ 31. Kxg2 Qd5
{The last pin by the queen in this game, white has no reason to carry on.} 0-1

[Event "RSFSR-ch"]
[Site "Kuibyshev"]
[Date "1990.??.??"]
[Round "?"]
[White "Makarov, Marat"]
[Black "Tunik, Gennady"]
[Result "1/2-1/2"]
[WhiteElo "2480"]
[BlackElo "2475"]
[Annotator "Ftacnik,L"]
[PlyCount "51"]
[EventDate "1990.??.??"]
[EventType "tourn"]
[EventRounds "15"]
[EventCountry "URS"]
[EventCategory "6"]
[SourceTitle "CBM 021"]
[Source "ChessBase"]
[SourceDate "1991.04.01"]
[SourceVersion "1"]
[SourceVersionDate "1991.04.01"]
[SourceQuality "1"]

1. Nf3 Nf6 2. c4 g6 3. d4 Bg7 4. g3 O-O 5. Bg2 d5 6. cxd5 Nxd5 7. O-O Nb6 8.
Nc3 Nc6 9. d5 Na5 10. e4 c6 11. Bg5 h6 12. Bf4 Bg4 13. h3 Bxf3 14. Qxf3 g5 {N}
(14... cxd5 15. exd5 Rc8 16. Rad1 $1 Nac4 17. Bc1 $14 {Ehlvest-Ftacnik/Haninge/
1990/ ->CBM 18}) 15. Bc1 (15. Bd2 Nac4) 15... cxd5 16. exd5 Qd7 (16... Rc8 $5)
17. b3 Rac8 18. Bd2 (18. Bb2 Nac4 19. bxc4 Nxc4 20. Bc1 Ne5 21. Qe3 Rxc3 22.
Qxc3 Ng6 23. Qb3 Bxa1 24. Bxg5 hxg5 25. Rxa1 $13) 18... Nc6 19. dxc6 Qxd2 20.
Ne4 (20. cxb7 $2 Rxc3) 20... Qa5 21. cxb7 Rb8 22. Rac1 Qxa2 (22... Rxb7 23.
Nf6+ $16) 23. Rc7 Qa3 24. Nc5 (24. Qf5 e6 25. Nf6+ Bxf6 26. Qxf6 Qd6 $13) 24...
Be5 25. Qf5 $1 (25. Rxe7 $2 Qxc5 26. Qf5 Qxe7 27. Be4 f6 $19) 25... Bf6 (25...
Bxc7 26. Be4 Kg7 27. Ne6+ $1 fxe6 28. Qg6+ Kh8 29. Qh7#) 26. Rxe7 $1 (26. Be4
Rfe8 27. Qh7+ Kf8 28. Bd5 Bg7 $16) (26. Rxe7 $1 Bxe7 27. Be4 Kg7 28. Ne6+ fxe6
29. Qg6+ Kh8 30. Qh7#) 1/2-1/2

[Event "Tilburg"]
[Site "Tilburg"]
[Date "1994.??.??"]
[Round "1"]
[White "Ribli, Zoltan"]
[Black "Ftacnik, Lubomir"]
[Result "1/2-1/2"]
[WhiteElo "2605"]
[BlackElo "2570"]
[Annotator "Ftacnik,L"]
[PlyCount "64"]
[EventDate "1994.09.??"]
[EventType "k.o."]
[EventRounds "7"]
[EventCountry "NED"]
[SourceTitle "CBM 044"]
[Source "ChessBase"]
[SourceDate "1995.02.01"]
[SourceVersion "1"]
[SourceVersionDate "1995.02.01"]
[SourceQuality "1"]

1. d4 Nf6 2. Nf3 g6 3. c4 Bg7 4. g3 d5 5. Bg2 O-O 6. cxd5 Nxd5 7. O-O Nb6 8.
Nc3 Nc6 9. d5 Na5 10. Qc2 Nxd5 11. Rd1 c6 12. Ne1 Bd7 13. Nxd5 cxd5 14. Rxd5 e6
15. Rd3 Rc8 16. Qd1 (16. Qd2 Nc4) 16... Rc7 17. Bf4 e5 18. Bg5 Qe8 $5 $146 (
18... Qxg5 19. Rxd7 $14) 19. Rc1 (19. e4 h6 (19... Be6 $2 20. Bd8 $1 Rc5 21. b4
$18) 20. Bd2 Nc6 21. Nc2 Be6 $10) 19... Rxc1 20. Bxc1 Be6 (20... Bc6 21. e4 {
xa5}) 21. b3 (21. Ra3 b6 22. b4 Nc6 23. Bxc6 Qxc6 24. Rxa7 Bc4 $44) 21... e4 $1
22. Bxe4 (22. Re3 $6 f5 23. f3 Qd8 $1 $17) (22. Rd6 f5 23. Qd2 b6 24. Bb2 Nb7
25. Bxg7 Nxd6 26. Bxf8 Qxf8 $10) 22... Bxb3 23. axb3 Qxe4 24. Nf3 (24. Ba3 Re8
25. Qd2 b6 26. Bb4 Qc6 27. Bxa5 bxa5 28. Rd8 Bf6 29. Qc2 Qe6 30. Rxe8+ Qxe8 $14
{Konopka,M-Ftacnik,L/CSR chT/1994/}) 24... h6 (24... Re8 25. Bd2 b6 26. Bxa5
bxa5 27. Re3 Qc6 28. Rxe8+ Qxe8 $14) 25. Be3 Nc6 (25... b6 26. Bd4 $14) 26. Rd7
b6 27. Qc1 $5 (27. Rc7 $14) 27... Na5 28. Nd2 $6 (28. Bxh6 $1 Nxb3 29. Qg5 Nc5
30. Bxg7 Kxg7 31. Re7 Ne6 32. Qd2 $36) 28... Qe6 29. Rxa7 Nxb3 30. Nxb3 Qxb3
31. Qc6 Qd1+ 32. Kg2 Qxe2 1/2-1/2

[Event "Luzern"]
[Site "Luzern"]
[Date "1989.??.??"]
[Round "?"]
[White "Landenbergue, Claude"]
[Black "Miralles, Gilles"]
[Result "0-1"]
[WhiteElo "2345"]
[BlackElo "2445"]
[Annotator "Ftacnik,L"]
[PlyCount "81"]
[EventDate "1989.10.??"]
[EventType "tourn"]
[EventRounds "11"]
[EventCountry "SUI"]
[EventCategory "8"]
[SourceTitle "CBM 016"]
[Source "ChessBase"]
[SourceDate "1990.06.01"]
[SourceVersion "1"]
[SourceVersionDate "1990.06.01"]
[SourceQuality "1"]

1. Nf3 d5 2. g3 Nf6 3. Bg2 g6 4. c4 Bg7 5. cxd5 Nxd5 6. Nc3 Nb6 7. d4 O-O 8.
O-O Nc6 9. e3 Re8 10. d5 Na5 11. Nd4 Bd7 12. e4 c6 13. b3 c5 {N} (13... cxd5
14. exd5 e6 15. dxe6 Bxe6 16. Be3 Bd5 17. Rc1 Bxg2 18. Kxg2 Nd5 19. Nxd5 Qxd5+
20. Nf3 Qxd1 21. Rfxd1 $16 {Cvitan,O-Huzman,A/Moscow GMA-op/1-0/45/ -> TD 1989/
02}) 14. Nde2 e6 15. Bb2 (15. dxe6 Bxe6 16. Bb2 Nc6 $10) 15... exd5 16. exd5
Bg4 17. Qd2 $2 (17. f3) 17... Nac4 18. bxc4 Nxc4 19. Qc2 Bxe2 20. Nxe2 Nxb2 21.
Rab1 Qf6 22. Nf4 c4 23. d6 Rad8 24. Nd5 Qd4 25. Nc7 Rf8 26. Rfe1 (26. Nb5 Qe5
27. Nxa7 Rxd6 $17) 26... Qxd6 27. Nd5 Rfe8 $1 28. h4 (28. Rxe8+ Rxe8 29. Rxb2
Re1+) 28... Rxe1+ 29. Rxe1 Nd3 30. Re7 b5 31. Qe2 Bd4 32. Qf3 Rf8 33. Kh2 Nxf2
34. Rc7 Kg7 35. h5 Qe6 36. Nf4 Qf5 37. a4 a6 38. Qe2 Kg8 39. Rb7 Ng4+ 40. Kh1
Qb1+ 41. Qf1 {Ftacnik} 0-1

[Event "Corus"]
[Site "Wijk aan Zee"]
[Date "2001.01.18"]
[Round "5"]
[White "Van Wely, Loek"]
[Black "Leko, Peter"]
[Result "1-0"]
[WhiteElo "2700"]
[BlackElo "2745"]
[Annotator "Ftacnik,L"]
[PlyCount "63"]
[EventDate "2001.01.13"]
[EventType "tourn"]
[EventRounds "13"]
[EventCountry "NED"]
[EventCategory "19"]
[SourceTitle "CBM 081"]
[Source "ChessBase"]
[SourceDate "2001.03.20"]
[SourceVersion "1"]
[SourceVersionDate "2001.03.20"]
[SourceQuality "1"]

1. d4 {Wells} Nf6 2. c4 g6 3. Nf3 Bg7 4. g3 d5 5. cxd5 Nxd5 6. Bg2 Nb6 7. O-O
Nc6 8. e3 e5 9. Nc3 O-O 10. d5 Ne7 11. e4 Bg4 12. h3 Bxf3 {Wells: 'This
position is in fact considered in my book piece power. There I pointed out
that white's recapture with the bishop was incorrect, because it enabled black
to implement his plan of isolating and then blockading the white d-pawn with a
really text-book clarity. This example merits another look.'} 13. Qxf3 {
'!' Wells.} (13. Bxf3 $6 {Wells} c6 14. a4 cxd5 15. exd5 Nc4 16. b3 Nd6 {
[%csl Rd5,Gd6][%cal Gd6e4,Gd6c4,Gd6f5] The classic blockader! As the textbooks
are keen to tell you the knight is happy here because he can best combine this
defensive function with a continued offensive influence on the position. Its
all true! Here black also has chances of a dark-square bind ( we shall see
several cases later of where giving up a bishop on one coloured square
promotes the chances of creating play on the others .) Its implimentation
turns out to be almost eerily smooth. Black is even able to exchange
dark-squared bishops and end up with the 'dream' good knight v. genuinely
fumbling bishop ending.} 17. Ba3 Nef5 18. Ne4 Re8 19. Rc1 Bf8 $1 20. Bb2 Nxe4
21. Bxe4 Nd6 {Changing of the guard.} 22. Bg2 Bg7 {Still chasing that exchange!
} 23. h4 e4 24. Bxg7 Kxg7 $17 {[%csl Rd5,Gd6,Rg2][%cal Gf7f5] Keene - Uhlmann,
Hastings 1970.}) 13... c6 14. Rd1 cxd5 15. exd5 Nf5 {Wells: 'Still aspiring
after the 'classic blockade' but white is ready, and strikes first.'} 16. d6 {
'!' Wells.} Rb8 ({The fact that} 16... Nxd6 {Wells fails tactically to} 17. Ne4
Nbc4 18. Nxd6 Nxd6 19. Qa3 {is not the clever bit. It would be remarkable if
it didn't.}) 17. Qd3 $1 $146 {[%mdl 8] '!' Wells. A serious novelty, black has
to be precise in order to solve mounting problems. Wells: 'This I like though
it looks as if black, frustrated by his inability to blockade on d6 would land
a compensatory square on d4. However, white prepares that knights immediate
exchange, and althougj there will be a 'contest' of passed d-pawns, white's
bishop pair will come into its own again.'} (17. Be3 Nd4 18. Bxd4 exd4 19. Nb5
Nc4 20. Qb3 Nxd6 21. Nxa7 Qa5 {0-1 Zakharevich,I-Karavaev,V/Saratov 1999/ (21)}
) 17... Nd4 18. Nb5 Nd7 $6 (18... Qd7 $1 19. Nxd4 exd4 20. Bf4 (20. b3 Nc8 21.
Bb2 Rd8) 20... Nc8 21. Qa3 Rd8 22. Re1 (22. Bg5 Re8 23. Bf4 Rd8) 22... b5 23.
Rac1 (23. Re7 $5 Nxe7 24. dxe7 Re8 25. Bxb8 Rxb8 26. Re1 Re8 27. Qc5 d3 28. Bc6
d2 29. Rd1 Qxe7 30. Qxe7 Rxe7 31. Rxd2 b4 $11) 23... b4 24. Qb3 Nxd6 25. Rc6
Bf8 (25... Rb6 26. Rxb6 axb6 27. Qxb4 $14) 26. Qd3 Rbc8 27. Bg5 Re8 28. Rxe8
Qxe8 $11) 19. Nxd4 exd4 20. Bd2 Re8 (20... Ne5 21. Qb5 Re8 22. Bb4 $14) (20...
Nc5 21. Qb5 b6 22. b4 $14) 21. Rac1 Qf6 (21... Ne5 22. Qa3 $14) (21... Qb6 22.
Qa3 Rbc8 23. Ba5 $16) 22. Bb4 Ne5 (22... Qe6 23. Rc7 (23. Qa3 a6 24. Rc7 $16)
23... Qxa2 24. Rxd7 Qa4 25. Rxf7 Qxb4 26. Bd5 Kh8 27. d7 Red8 28. Qe2 $16) 23.
Qxd4 $1 {This excellent exchange sacrifice will be immediatelly decisive,
since black will be unable to fight against white d7 pawn.} (23. Qa3 Qe6 24.
Bc5 $16) 23... Nf3+ 24. Bxf3 Qxd4 25. Rxd4 Bxd4 26. d7 Red8 27. Bd6 Ra8 28. Rc7
Bb6 29. Rxb7 Kg7 30. Rxb6 axb6 31. Bxa8 Rxd7 32. Be5+ 1-0

[Event "Nordic zt"]
[Site "Ostersund"]
[Date "1992.??.??"]
[Round "3"]
[White "Agdestein, Simen"]
[Black "Yrjola, Jouni"]
[Result "1-0"]
[WhiteElo "2620"]
[BlackElo "2460"]
[Annotator "Ftacnik,L"]
[PlyCount "63"]
[EventDate "1992.??.??"]
[EventType "swiss"]
[EventRounds "9"]
[EventCountry "NOR"]
[SourceTitle "CBM 031"]
[Source "ChessBase"]
[SourceDate "1992.12.01"]
[SourceVersion "1"]
[SourceVersionDate "1992.12.01"]
[SourceQuality "1"]

1. d4 Nf6 2. c4 g6 3. Nc3 Bg7 4. g3 d5 5. cxd5 Nxd5 6. Bg2 Nb6 7. Nf3 Nc6 8. e3
O-O 9. O-O e5 10. d5 Na5 11. e4 c6 12. Nd2 cxd5 13. exd5 f5 14. Nb3 Nac4 15. a4
(15. Qe2 e4 16. Rd1 Bd7 17. Nd4 Rc8 18. a4 Ne5 19. a5 Nbc4 20. a6 Qb6 21. Ne6
Bxe6 22. dxe6 bxa6 23. e7 Rfe8 24. Nd5 Qe6 $17 {Farago,S-Krasenkov,M/
Lillafured/1989/}) 15... e4 (15... Nd6 16. Nc5 $14) 16. a5 Nd7 17. f3 $1 exf3 (
17... e3 18. Qe2 Qc7 19. Ra4 Nd6 20. Bxe3 $16) 18. Rxf3 Nde5 19. Rf2 Kh8 (19...
Ng4 20. Re2) 20. h3 Qe7 (20... Nd6 21. Nd4 $14) 21. Re2 Bd7 22. Kh1 Rae8 23.
Nd4 Qb4 (23... a6 24. b3 Nd6 25. Ba3 Qf6 26. Ne6 $1 $16) 24. a6 Nd6 (24... bxa6
25. Rxa6 $36) 25. Ne6 $1 Bxe6 26. dxe6 Rxe6 (26... bxa6 27. e7 $1) 27. Ra4 Qb6
28. Be3 Qc7 29. axb7 Nxb7 (29... Nec4 30. Bd4 $18) 30. Rxa7 Rd6 (30... Nc6 31.
Bf4 $18) 31. Qb3 Nc5 32. Qa3 {Ftacnik,L} 1-0

[Event "Bad Endbach"]
[Site "Bad Endbach"]
[Date "1995.??.??"]
[Round "?"]
[White "Romanishin, Oleg M"]
[Black "Mikhalevski, Victor"]
[Result "0-1"]
[WhiteElo "2595"]
[BlackElo "2525"]
[Annotator "Ftacnik,L"]
[PlyCount "78"]
[EventDate "1995.04.??"]
[EventType "tourn"]
[EventRounds "11"]
[EventCountry "GER"]
[EventCategory "11"]
[SourceTitle "CBM 047"]
[Source "ChessBase"]
[SourceDate "1995.08.01"]
[SourceVersion "1"]
[SourceVersionDate "1995.08.01"]
[SourceQuality "1"]

1. d4 {Baburin} Nf6 2. Nf3 g6 3. g3 Bg7 4. Bg2 O-O 5. c4 d5 6. cxd5 Nxd5 7. O-O
Nb6 8. Nc3 Nc6 9. d5 Na5 10. e4 c6 11. Bg5 h6 12. Bf4 cxd5 13. Nxd5 Nac4 (13...
Bg4 14. h3 Bxf3 15. Qxf3 Nxd5 16. exd5 Nc4 17. Qb3 Nd6 18. Rfe1 Qd7 19. h4 Rfc8
20. Rad1 b5 21. Be5 Bxe5 22. Rxe5 Nc4 23. Re2 Rab8 24. Qf3 {Adorjan,A-Milos,G/
Szirak izt (17)/1987/1-0 (34)}) 14. Qe2 (14. Nxb6 Qxb6 15. Qc1 Be6 16. Bxh6
Bxb2 17. Qf4 Bxa1 18. Bxf8 Bf6 19. Bh6 Rd8 20. Bg5 Qb2 21. h4 Ne5 22. Bxf6
Nxf3+ 23. Qxf3 exf6 24. h5 {Helmers,K-Yrjola,J/Helsinki/1984/0.5 (44)}) (14.
Nc7 Rb8 15. Qxd8 Rxd8 16. Rad1 Bg4 17. Nd5 e5 18. Nxb6 Rxd1 19. Rxd1 Nxb2 20.
Rd2 exf4 21. e5 axb6 22. Rxb2 Rc8 23. h3 Bxf3 24. Bxf3 {Pastircak,M-Hort,V/
CSR-ch (17)/1984/0-1 (40)}) 14... e5 15. Nxb6 Qxb6 16. Bxh6 Bxh6 17. Qxc4 Qxb2
18. Rab1 Qa3 19. Nxe5 Be6 20. Qb5 (20. Qb4 Qxb4 21. Rxb4 Bg7 22. Nf3 a5 23.
Rxb7 Bxa2 24. e5 a4 $17 {Shpilker,B-Krasenkov,M/URS/1987/0-1 (53)}) 20... Bg7 (
20... b6 21. Nc6 $13) 21. Nf3 (21. Nc4 $5 Qxa2 22. Nd6 Rfb8 23. f4 $132) 21...
Bxa2 22. Rbc1 (22. Rb4 Rfb8 $17) 22... Qe7 23. h4 Qxe4 24. Ng5 Qe5 25. Qxb7 (
25. Qxe5 Bxe5 26. Bxb7 Rab8 27. Be4 Rfc8 $17) 25... a5 {Baburin: Two powerful
Bishops and the passed a5-pawn determine Black's advantage. Romanishin uses
his probably best chance (takes on a8 later), but doesn't save the game anyway.
} 26. Rfe1 Qd4 27. Qxa8 (27. Qc7 Ra7 $17) 27... Rxa8 28. Bxa8 Bf6 29. Ne4 (29.
Nf3 Qa7 30. Re8+ Kg7 $17) 29... Be7 30. Rcd1 Qa7 31. Bc6 (31. Bd5 Bxd5 32. Rxd5
a4 $17) 31... Be6 32. Ng5 Bxg5 33. hxg5 Qc5 (33... a4 $2 34. Rd8+ $1 (34. Rxe6
$2 fxe6 35. Rd8+ Kf7 36. Rd7+ Qxd7 37. Bxd7 a3 $19) 34... Kg7 35. Rxe6 fxe6 36.
Rd7+ Qxd7 37. Bxd7 a3 38. Bxe6 $18) 34. Bd7 Bb3 {Black should not swap Bishops.
} 35. Rd3 a4 36. Ra1 Qc2 37. Re3 (37. Bb5 a3 $19) 37... a3 38. Bg4 (38. Rxa3
Qc1+) 38... a2 39. Ree1 Qb2 $138 (39... Qb2 40. Bf3 Bc2 41. Bd5 Bb1 $19) 0-1